Geography - P - Statistics

General Stats
  • This quiz has been taken 41 times
  • The average score is 5 of 15
Answer Stats
Hint Answer % Correct
Its capital city is Asunción. Paraguay
90%
Region split between India and Pakistan. Punjab
78%
Sicilian city known in antiquity as Panormus. Palermo
73%
Known in antiquity as Lutetia. Paris
70%
Twelve states of India end with this word. Pradesh
50%
Bulgaria's 2nd-largest city. Plovdiv
40%
Major Polish city lying on the Warta River. Poznań
30%
Known in the Aboriginal Nyungar language as Boorloo. Perth
25%
Historical region on the southern coast of the Baltic Sea. Pomerania
25%
City on the western coast of Cyprus. Paphos
18%
Pope Paul III's house ruled this city from 1545 until 1731. Parma
15%
A Mexican state (and city) is named after this Bolivian city. Potosí
13%
The island of Sumatra's 2nd-largest city. Palembang
10%
Triangle-shaped Filipino island whose largest city is Iloilo. Panay
3%
Taiwanese island chain known in Portuguese as the Pescadores. Penghu
0%
No matching quizzes found
Score Distribution
Percent of People with Each Score
Percentile by Number Answered
Your Score History
You have not taken this quiz